000 00328nam a2200133Ia 4500
008 210210b1973 xxu||||| |||| 00| 0 eng d
082 _a824 LADM
100 _aLADY BIRD BOOK SERIES
245 _aMichael Faraday.
260 _aEngland
_bWills & Hepworth Ltd.
_c1973
300 _a50
690 _aEnglish Prose
906 _a037788
999 _c87998
_d87998